[Event "Sachsen-Anhalt Landesliga-A 1920"]
[Site "Sachsen Anhalt"]
[Date "2019.11.17"]
[Round "3.3"]
[White "Bondick, Karl Heinz"]
[Black "Domsgen, Bernd"]
[Result "0-1"]
[WhiteElo "1796"]
[BlackElo "1827"]
[PlyCount "106"]
[EventDate "2019.09.29"]
[EventType "team-tourn"]
[EventRounds "9"]
[EventCountry "GER"]
[SourceTitle "EXT 2023"]
[Source "ChessBase"]
[SourceDate "2022.10.05"]
[SourceVersion "1"]
[SourceVersionDate "2022.10.05"]
[SourceQuality "1"]
[WhiteTeam "Magdeburg USC II"]
[BlackTeam "Burger Schwarz Weiss"]
[WhiteTeamCountry "GER"]
[BlackTeamCountry "GER"]

1. d4 Nf6 2. c4 g6 3. Nc3 Bg7 4. e4 d6 5. f4 0-0 6. Nf3 c5 7. d5 e6 8. Be2 exd5 9. e5 dxe5 10. fxe5 Ng4 11. Bg5 Qa5 12. cxd5 Nxe5 13. 0-0 Nbd7 14. Be7 Re8 15. d6 Nxf3+ 16. Bxf3 Bxc3 17. bxc3 Qxc3 18. Qa4 Rxe7 19. dxe7 Qe3+ 20. Kh1 Qxe7 21. Rae1 Qd6 22. Rd1 Qe7 23. Bd5 Nf6 24. Rde1 Qd8 25. Bf3 Bf5 26. Bxb7 Rb8 27. Bf3 Qc7 28. Qh4 Kg7 29. a3 Rd8 30. Rd1 Rxd1 31. Rxd1 c4 32. Qd4 Bd3 33. Rc1 Qb6 34. Qxb6 axb6 35. Kg1 Nd7 36. Kf2 Kf6 37. Be2 Ne5 38. Ke3 Bf5 39. Kd4 b5 40. Kc5 Nd3+ 41. Bxd3 cxd3 42. Rd1 Ke5 43. Re1+ Be4 44. Rd1 f5 45. Kxb5 Kd4 46. Kb4 Bxg2 47. a4 f4 48. a5 f3 49. a6 f2 50. a7 Ba8 51. Kb3 Ke3 52. Kc3 Ke2 53. Rd2+ Ke1 0-1

[Event "Sachsen-Anhalt Landesliga-A 1920"]
[Site "Sachsen Anhalt"]
[Date "2019.10.20"]
[Round "2.2"]
[White "Backe, Hartmut"]
[Black "Bondick, Karl Heinz"]
[Result "1/2-1/2"]
[WhiteElo "1946"]
[BlackElo "1796"]
[PlyCount "91"]
[EventDate "2019.09.29"]
[EventType "team-tourn"]
[EventRounds "9"]
[EventCountry "GER"]
[SourceTitle "EXT 2023"]
[Source "ChessBase"]
[SourceDate "2022.10.05"]
[SourceVersion "1"]
[SourceVersionDate "2022.10.05"]
[SourceQuality "1"]
[WhiteTeam "Calbe TSG"]
[BlackTeam "Magdeburg USC II"]
[WhiteTeamCountry "GER"]
[BlackTeamCountry "GER"]

1. e4 e5 2. Nf3 Qe7 3. Bc4 d6 4. h3 Be6 5. Bxe6 fxe6 6. d4 exd4 7. Qxd4 Nc6 8. Qa4 Nf6 9. 0-0 Nd7 10. Be3 g6 11. Nbd2 Bg7 12. c3 0-0 13. Nd4 Nce5 14. Qb3 Nc5 15. Qc2 c6 16. b4 Ncd7 17. Qb3 Rae8 18. f4 Nf7 19. Rae1 e5 20. fxe5 Ndxe5 21. c4 Kh8 22. Ne2 b6 23. b5 c5 24. Nf4 Nd8 25. Nd5 Qd7 26. Bf4 Ne6 27. Bxe5 dxe5 28. Qd3 Qd8 29. Nf3 Rf7 30. g3 Ref8 31. Kg2 Nd4 32. Nd2 Bh6 33. Rxf7 Rxf7 34. Rf1 Rxf1 35. Nxf1 Qg5 36. Nfe3 Kg7 37. Qf1 Kg8 38. h4 Qd8 39. Ng4 Bg7 40. Qf2 Qd6 41. h5 gxh5 42. Ngf6+ Kh8 43. Nxh5 Qg6 44. Nxg7 Qxe4+ 45. Kh2 Nf3+ 46. Kh3 1/2-1/2

[Event "GER-ch Seniors 65 31st"]
[Site "Radebeul"]
[Date "2019.05.02"]
[Round "7"]
[White "Bondick, Karl Heinz"]
[Black "Fritsch, Juergen"]
[Result "0-1"]
[WhiteElo "1948"]
[BlackElo "1751"]
[PlyCount "48"]
[EventDate "2019.04.26"]
[EventType "swiss"]
[EventRounds "9"]
[EventCountry "GER"]
[SourceTitle "CBM 190 Extra"]
[Source "ChessBase"]
[SourceDate "2019.07.15"]
[SourceVersion "1"]
[SourceVersionDate "2019.07.15"]
[SourceQuality "1"]

1. d4 d5 2. e4 e6 3. Be3 dxe4 4. Nd2 Nf6 5. f3 exf3 6. Ngxf3 b6 7. Bb5+ c6 8. Bd3 Ba6 9. c4 Bd6 10. Qe2 Bb7 11. 0-0 Nbd7 12. Bg5 0-0 13. Ne5 Qc7 14. Ndf3 c5 15. Bxf6 Nxf6 16. Ng5 h6 17. Rxf6 gxf6 18. Qh5 fxg5 19. Qxh6 f5 20. Qxe6+ Rf7 21. Bxf5 Bxe5 22. dxe5 Qc6 23. Qxc6 Bxc6 24. Be6 Kg7 0-1

[Event "Schleswig Holstein-ch Seniors op 11th"]
[Site "Buesum"]
[Date "2017.09.15"]
[Round "8"]
[White "Bondick, Karl Heinz"]
[Black "Gehrmann, Dorit"]
[Result "1/2-1/2"]
[WhiteElo "1991"]
[BlackElo "1920"]
[PlyCount "68"]
[EventDate "2017.09.08"]
[EventType "swiss"]
[EventRounds "9"]
[EventCountry "GER"]
[SourceTitle "EXT 2019"]
[Source "ChessBase"]
[SourceDate "2018.10.10"]
[SourceVersion "1"]
[SourceVersionDate "2018.10.10"]
[SourceQuality "1"]

1. d4 d5 2. e4 e6 3. Be3 b6 4. Bb5+ Bd7 5. Bd3 dxe4 6. Bxe4 Bc6 7. Nd2 Bxe4 8. Nxe4 Nd7 9. Nf3 Ngf6 10. Qd3 Be7 11. 0-0 Nxe4 12. Qxe4 0-0 13. Rad1 Nf6 14. Qd3 h6 15. c4 c6 16. h3 Qc7 17. g4 Nh7 18. Ne5 Bf6 19. f4 Bxe5 20. fxe5 c5 21. Qe4 cxd4 22. Rxd4 Rad8 23. Rfd1 Rxd4 24. Rxd4 Qe7 25. Kg2 Rd8 26. Kg3 Nf8 27. h4 Rxd4 28. Bxd4 Qc7 29. b3 Nd7 30. Kf3 Nb8 31. g5 hxg5 32. hxg5 Nc6 33. Bb2 Ne7 34. Ba3 Nf5 1/2-1/2

[Event "GER-chA Seniors 29th"]
[Site "Berlin"]
[Date "2017.08.08"]
[Round "1"]
[White "Bondick, Karl Heinz"]
[Black "Schmidt, Bodo"]
[Result "0-1"]
[WhiteElo "1999"]
[BlackElo "2331"]
[PlyCount "84"]
[EventDate "2017.08.07"]
[EventType "swiss"]
[EventRounds "9"]
[EventCountry "GER"]
[SourceTitle "EXT 2019"]
[Source "ChessBase"]
[SourceDate "2018.10.10"]
[SourceVersion "1"]
[SourceVersionDate "2018.10.10"]
[SourceQuality "1"]

1. d4 d5 2. e4 e6 3. Be3 dxe4 4. Nd2 Nf6 5. f3 Nd5 6. Qe2 Nxe3 7. Qxe3 exf3 8. Ngxf3 Be7 9. Bd3 Nd7 10. 0-0 c5 11. c3 cxd4 12. cxd4 0-0 13. Nc4 Nf6 14. Qd2 b6 15. Nce5 Bb7 16. Rad1 Rc8 17. Kh1 Nd5 18. a3 f6 19. Ng4 Bd6 20. Qf2 Qe8 21. Bb1 Nf4 22. Qh4 Qh5 23. Qxh5 Nxh5 24. Rfe1 Nf4 25. Re3 Bd5 26. Nf2 Rc6 27. Ne4 Rfc8 28. Nc3 Bb3 29. Rde1 Nd5 30. Nxd5 Bxd5 31. Be4 Rc1 32. Bxd5 exd5 33. Kg1 Rxe1+ 34. Rxe1 Kf7 35. Kf2 Rc2+ 36. Re2 Rxe2+ 37. Kxe2 h5 38. a4 g5 39. h3 Bg3 40. b4 Ke6 41. Nd2 Kf5 42. Kd3 Be1 0-1

[Event "GER-chT Seniors 25th"]
[Site "Magdeburg"]
[Date "2016.10.14"]
[Round "6.4"]
[White "Bondick, Karl Heinz"]
[Black "Glatthor, Thomas"]
[Result "1-0"]
[WhiteElo "2039"]
[BlackElo "2035"]
[PlyCount "41"]
[EventDate "2016.10.09"]
[EventType "team-swiss"]
[EventRounds "7"]
[EventCountry "GER"]
[SourceTitle "EXT 2019"]
[Source "ChessBase"]
[SourceDate "2018.10.10"]
[SourceVersion "1"]
[SourceVersionDate "2018.10.10"]
[SourceQuality "1"]
[WhiteTeam "Sachsen Anhalt II"]
[BlackTeam "Berlin II"]
[WhiteTeamCountry "GER"]
[BlackTeamCountry "GER"]

1. d4 d6 2. c4 e5 3. dxe5 dxe5 4. Qxd8+ Kxd8 5. g3 c6 6. Bg2 Be6 7. b3 Nd7 8. Nf3 f6 9. 0-0 Kc7 10. Be3 Bc5 11. Bxc5 Nxc5 12. Nc3 a5 13. Nd2 Nh6 14. Rac1 Rhd8 15. Rfd1 Rd7 16. Nd5+ cxd5 17. cxd5 Kb6 18. dxe6 Rdd8 19. Nc4+ Ka6 20. Nd6 Nxe6 21. Bxb7+ 1-0

[Event "GER-chT Seniors 25th"]
[Site "Magdeburg"]
[Date "2016.10.10"]
[Round "2.4"]
[White "Bondick, Karl Heinz"]
[Black "Kuehn, Peter1111"]
[Result "1-0"]
[WhiteElo "2039"]
[BlackElo "1969"]
[PlyCount "107"]
[EventDate "2016.10.09"]
[EventType "team-swiss"]
[EventRounds "7"]
[EventCountry "GER"]
[SourceTitle "EXT 2019"]
[Source "ChessBase"]
[SourceDate "2018.10.10"]
[SourceVersion "1"]
[SourceVersionDate "2018.10.10"]
[SourceQuality "1"]
[WhiteTeam "Sachsen Anhalt II"]
[BlackTeam "Mecklenburg Vorpommern II"]
[WhiteTeamCountry "GER"]
[BlackTeamCountry "GER"]

1. d4 f5 2. e4 fxe4 3. Nc3 Nf6 4. g4 d5 5. g5 Bg4 6. Be2 Bxe2 7. Qxe2 Ng8 8. Qb5+ Qd7 9. Qxb7 Qc6 10. Qxc6+ Nxc6 11. Nxd5 0-0-0 12. Ne3 Nxd4 13. Bd2 e6 14. 0-0-0 Be7 15. h4 h6 16. c3 Nf3 17. Nxf3 exf3 18. Ng4 Bd6 19. Rhe1 h5 20. Ne5 Bxe5 21. Rxe5 Rd6 22. Rde1 Kd7 23. R1e3 Ne7 24. Rxf3 Nf5 25. Rf4 Re8 26. Kc2 g6 27. b4 Rd5 28. Rxd5+ exd5 29. Kd3 Re6 30. a4 a6 31. Be3 Re8 32. c4 c6 33. cxd5 cxd5 34. b5 axb5 35. axb5 Rb8 36. Rb4 Rb7 37. Bc5 Rb8 38. f3 Rb7 39. Bf2 Rb8 40. b6 Kc6 41. Rb2 Rb7 42. Re2 Kd6 43. Re8 Ne7 44. Rf8 Kc6 45. Rf6+ Kb5 46. Re6 Nc6 47. Rd6 Ne7 48. Bd4 Nf5 49. Rxd5+ Kc6 50. Rc5+ Kd6 51. Bf2 Rd7 52. Kc4 Rb7 53. Kb5 Ne7 54. Rc1 1-0

[Event "Schleswig Holstein-ch Seniors op 10th"]
[Site "Buesum"]
[Date "2016.09.29"]
[Round "4"]
[White "Bondick, Karl Heinz"]
[Black "Lueders, Guenter"]
[Result "1/2-1/2"]
[WhiteElo "2039"]
[BlackElo "1802"]
[PlyCount "104"]
[EventDate "2016.09.26"]
[EventType "swiss"]
[EventRounds "9"]
[EventCountry "GER"]
[SourceTitle "EXT 2019"]
[Source "ChessBase"]
[SourceDate "2018.10.10"]
[SourceVersion "1"]
[SourceVersionDate "2018.10.10"]
[SourceQuality "1"]

1. d4 d5 2. e4 dxe4 3. Nc3 e6 4. Nxe4 Be7 5. f4 Nd7 6. Be3 Ngf6 7. Bd3 0-0 8. Nf3 b6 9. Qe2 Bb7 10. Nf2 c5 11. Rd1 Qc7 12. c3 Rad8 13. 0-0 h6 14. Bc1 Bd6 15. Ne5 cxd4 16. cxd4 Nd5 17. Ne4 Be7 18. Bd2 Nb4 19. Bxb4 Bxb4 20. Bb5 Bxe4 21. Nxd7 Bc6 22. Nxf8 Bxb5 23. Qxb5 Bxf8 24. Rc1 Qb7 25. Rfd1 Qe4 26. Qe5 Qg6 27. Qc7 Qf6 28. Qe5 Qg6 29. g3 Be7 30. Rc4 Bf6 31. Qe3 Qf5 32. a4 Qd5 33. Qc3 b5 34. axb5 Qxb5 35. Rc8 Qb6 36. Rxd8+ Qxd8 37. b4 g6 38. b5 Qb6 39. Qc5 Qa5 40. d5 Qa4 41. Rd3 Qa1+ 42. Kg2 exd5 43. Qxd5 Qb2+ 44. Rd2 Qa1 45. Rc2 Bd4 46. Rd2 Qg1+ 47. Kh3 Bf6 48. Qg2 Qc5 49. Rd5 Qc8+ 50. g4 Qc3+ 51. Qg3 Qc4 52. Rd1 Qxb5 1/2-1/2

[Event "GER-chA Seniors 28th"]
[Site "Niederhausen"]
[Date "2016.08.20"]
[Round "8"]
[White "Bondick, Karl Heinz"]
[Black "Selig, Rainer"]
[Result "1/2-1/2"]
[WhiteElo "2014"]
[BlackElo "2105"]
[PlyCount "22"]
[EventDate "2016.08.13"]
[EventType "swiss"]
[EventRounds "9"]
[EventCountry "GER"]
[SourceTitle "EXT 2019"]
[Source "ChessBase"]
[SourceDate "2018.10.10"]
[SourceVersion "1"]
[SourceVersionDate "2018.10.10"]
[SourceQuality "1"]

1. d4 d5 2. Nf3 Nf6 3. c4 e6 4. Bg5 Be7 5. Nc3 0-0 6. Qc2 Nbd7 7. e3 c6 8. Rd1 h6 9. Bh4 b6 10. a3 Bb7 11. Be2 Rc8 1/2-1/2

[Event "WchT Seniors 65"]
[Site "Radebeul"]
[Date "2016.06.28"]
[Round "3.2"]
[White "Henrichsen, Erland"]
[Black "Bondick, Karl Heinz"]
[Result "1/2-1/2"]
[WhiteElo "1943"]
[BlackElo "2055"]
[PlyCount "34"]
[EventDate "2016.06.26"]
[EventType "team-swiss"]
[EventRounds "9"]
[EventCountry "GER"]
[SourceTitle "CBM 173 Extra"]
[Source "ChessBase"]
[SourceDate "2016.08.29"]
[SourceVersion "1"]
[SourceVersionDate "2016.08.29"]
[SourceQuality "1"]
[WhiteTeam "Norway Veteran"]
[BlackTeam "Sachsen Anhalt"]
[WhiteTeamCountry "NOR"]
[BlackTeamCountry "GER"]

1. d4 d5 2. Nf3 e6 3. c4 f5 4. Nc3 Nf6 5. Bf4 c6 6. e3 Be7 7. Be2 0-0 8. h3 Ne4 9. Qc2 Nd7 10. Nd2 Bh4 11. Ndxe4 fxe4 12. 0-0-0 Rf7 13. f3 exf3 14. gxf3 Kh8 15. Rhg1 g5 16. Bg3 Nf6 17. Rg2 Bxg3 1/2-1/2

[Event "WchT Seniors 65"]
[Site "Radebeul"]
[Date "2016.06.27"]
[Round "2.2"]
[White "Bondick, Karl Heinz"]
[Black "Groschup, Gerhard"]
[Result "1/2-1/2"]
[WhiteElo "2055"]
[BlackElo "1999"]
[PlyCount "47"]
[EventDate "2016.06.26"]
[EventType "team-swiss"]
[EventRounds "9"]
[EventCountry "GER"]
[SourceTitle "CBM 173 Extra"]
[Source "ChessBase"]
[SourceDate "2016.08.29"]
[SourceVersion "1"]
[SourceVersionDate "2016.08.29"]
[SourceQuality "1"]
[WhiteTeam "Sachsen Anhalt"]
[BlackTeam "Dresden Striesen"]
[WhiteTeamCountry "GER"]
[BlackTeamCountry "GER"]

1. d4 d5 2. e4 e6 3. Be3 dxe4 4. Nd2 Nf6 5. f3 Nd5 6. Qe2 exf3 7. Ngxf3 Nxe3 8. Qxe3 Be7 9. Bb5+ c6 10. Bd3 Nd7 11. 0-0 0-0 12. Nc4 c5 13. c3 g6 14. Rad1 cxd4 15. cxd4 Nb6 16. Nce5 Nd5 17. Qh6 Bf6 18. h4 Bg7 19. Qd2 Ne7 20. h5 Nf5 21. Bxf5 exf5 22. hxg6 fxg6 23. Rfe1 Qd5 24. b3 1/2-1/2

[Event "Sachsen-Anhalt-ch Seniors 24th"]
[Site "Halberstadt"]
[Date "2016.05.29"]
[Round "1"]
[White "Bondick, Karl Heinz"]
[Black "Gismann, Juergen"]
[Result "1/2-1/2"]
[WhiteElo "2051"]
[BlackElo "1719"]
[PlyCount "61"]
[EventDate "2016.05.29"]
[EventType "swiss"]
[EventRounds "7"]
[EventCountry "GER"]
[SourceTitle "EXT 2019"]
[Source "ChessBase"]
[SourceDate "2018.10.10"]
[SourceVersion "1"]
[SourceVersionDate "2018.10.10"]
[SourceQuality "1"]

1. d4 Nf6 2. f3 g6 3. c4 Bg7 4. Nc3 0-0 5. e4 d6 6. Bg5 Nbd7 7. Bd3 e5 8. d5 h6 9. Be3 Nb6 10. Qd2 Kh7 11. Nge2 Ng8 12. g4 Qe8 13. c5 Nd7 14. cxd6 c6 15. dxc6 bxc6 16. Ng3 Nb6 17. Bc5 Bd7 18. a4 Qe6 19. Qe2 Rfb8 20. a5 Nc8 21. Bc4 Qf6 22. Rd1 Bf8 23. 0-0 Bxd6 24. Bxd6 Nxd6 25. Bxf7 Nxf7 26. Rxd7 Rd8 27. Rfd1 Rxd7 28. Rxd7 Qe6 29. Rb7 Kh8 30. Qa6 Ng5 31. Kg2 1/2-1/2

[Event "Hessen-ch Seniors op 12th"]
[Site "Bad Sooden-Allendorf"]
[Date "2016.05.02"]
[Round "3"]
[White "Bartl, Birgit"]
[Black "Bondick, Karl Heinz"]
[Result "0-1"]
[WhiteElo "1545"]
[BlackElo "2051"]
[PlyCount "70"]
[EventDate "2016.04.30"]
[EventType "swiss"]
[EventRounds "9"]
[EventCountry "GER"]
[SourceTitle "EXT 2019"]
[Source "ChessBase"]
[SourceDate "2018.10.10"]
[SourceVersion "1"]
[SourceVersionDate "2018.10.10"]
[SourceQuality "1"]

1. d4 d5 2. Nf3 Nf6 3. e3 c5 4. dxc5 Qa5+ 5. Nc3 e6 6. Bb5+ Bd7 7. Bxd7+ Nbxd7 8. 0-0 Bxc5 9. Bd2 Qd8 10. Re1 0-0 11. a3 Rc8 12. b4 Be7 13. Rc1 Nb6 14. Ne2 Ne4 15. c3 Nc4 16. Ned4 Bf6 17. a4 Ncxd2 18. Nxd2 Nxc3 19. Qf3 Nxa4 20. N2b3 Nb2 21. Rxc8 Qxc8 22. Rc1 Nc4 23. Qe2 a6 24. Na5 b5 25. Nac6 Qb7 26. f3 Rc8 27. e4 Rxc6 28. Nxc6 Qxc6 29. exd5 exd5 30. Kh1 d4 31. Qd3 g6 32. h3 Qe6 33. Qe4 Qxe4 34. fxe4 d3 35. Rf1 d2 0-1